• 首页
  • 本馆介绍
  • 公告通知
  • 最新文献
  • 馆藏检索
  • 电子资源
  • 读者导购
  • 参考咨询
  • 我的图书馆
  • 登录
  • 详细信息显示
  • 放入我的书架
  • 预约/预借图书
  • 作者相关作品
  • 分类相关作品
  • 丛书相关作品
  • 出版社相关作品

书目信息

  • 表格格式
  • 工作单格式
  • 卡片格式
题名:
多瑙河圆舞曲
    
 
作者: 阚天下 主编
分册:  
出版信息: 南京   江苏教育出版社  2013.7
页数: 239页
开本: 24cm
丛书名: 穿越时空系列
单 册:
中图分类: K521.41
科图分类:
主题词: 历史
电子资源:
ISBN: 978-7-5499-1651-1
000 00930oam2 2200289 45
001 351962
005 20161017161059.43
010    @a978-7-5499-1651-1@dCNY36.00
100    @a20140226d2013 em y0chiy50 ea
101 0  @achi
102    @aCN@b320000
105    @aaf z 000yy
106    @ar
200 1  @a多瑙河圆舞曲@e奥匈帝国@e公元1867-1918@f阚天下主编
210    @a南京@c江苏教育出版社@d2013.7
215    @a239页@c图,照片@d24cm
225 2  @a穿越时空系列
330    @a本书以通俗的语言讲述了奥匈帝国这段兴衰跌宕的历史,涉及政治、军事、社会、文化等各个方面,穿插了上至皇室、下至民众的许多生动的故事,历史人物繁多,各具其貌,反映出奥匈帝国的社会特点。
461  0 @12001 @a穿越时空系列
517 1  @a奥匈帝国
606 0  @a历史
607    @a奥匈帝国@x历史@z1867-1918@j通俗读物
607    @a奥匈帝国
690    @aK521.41@v5
701  0 @a阚天下@4主编
801  0 @aCN@bTANGWEI@c20161010
905    @b0897390-4@dK521.41@e6@f5
    
    多瑙河圆舞曲:奥匈帝国:公元1867-1918/阚天下主编.-南京:江苏教育出版社,2013.7
    239页:图,照片;24cm.-(穿越时空系列)
    
    
    ISBN 978-7-5499-1651-1:CNY36.00
    本书以通俗的语言讲述了奥匈帝国这段兴衰跌宕的历史,涉及政治、军事、社会、文化等各个方面,穿插了上至皇室、下至民众的许多生动的故事,历史人物繁多,各具其貌,反映出奥匈帝国的社会特点。
●
相关链接 在E读中查询图书 在五车中查询图书 在当当中查询图书 在豆瓣中查询图书


正题名:多瑙河圆舞曲     索取号:K521.41/6         预约/预借

序号 登录号 条形码 馆藏地/架位号 状态 备注
1 0897390   208973903   第二样本阅览室/ [索取号:K521.41/6] 在馆    
2 0897391   208973912   密集书库-史法系/ [索取号:K521.41/6] 在馆    
3 0897392   208973921   第二借阅区/ [索取号:K521.41/6] 在馆    
4 0897393   208973930   第二借阅区/ [索取号:K521.41/6] 在馆    
5 0897394   208973949   第二借阅区/ [索取号:K521.41/6] 在馆    
唐山师范学院图书馆 欢迎您!
大连网信软件有限公司© 版权所有